01887nam a2200217 4500999001900000008004100019100002900060245012300089260000900212300001300221520111500234650002401349650002101373650003601394700003101430700003801461773003301499906001501532942001201547952011001559 c510085d510085190723b ||||| |||| 00| 0 eng d aJensen, Ulrich Thy97275 aOnly when we agree! how value congruence moderates the impact of goal-oriented leadership on public service motivation c2019 ap.12-24. aQuestions of how and when managers can motivate the workforce of public organizations are fundamental for scholars and practitioners alike. A dominant assertion is that goal‐oriented leadership strategies, such as transformational leadership, foster public service motivation (PSM). However, existing studies rely on designs that are vulnerable to endogeneity and rarely investigate the scope conditions of the leadership‐PSM relationship. Combining a field experiment with 364 managers and surveys of their 3,470 employees, the authors show that transformational leadership and transactional leadership, when induced experimentally, do not have the claimed positive effect on PSM. In fact, the results indicate that goal‐oriented leadership can have demotivating effects when employee and organizational values are incongruent. Public managers should therefore carefully assess existing levels of value (in)congruence before implementing goal‐oriented leadership strategies, and—in case of value conflicts—seek to align perceptions of the desirable among members of the organization. - Reproduced. aCivil service97276 aMotivation97277 aPublic service motivation97278 aAndersen, Lotte Bogh97279 aJacobsen, Christian Botcher97280 aPublic Administration Review aLeadership 2ddccAR 00102ddc40709384034aIIPAbIIPAd2019-07-23h79(1). Jan/Feb, 2019: p.12-24.pAR120445r2019-07-23yAR